| 000 -LEADER |
| fixed length control field |
00995nam a2200229Ia 4500 |
| 001 - CONTROL NUMBER |
| control field |
16696 |
| 003 - CONTROL NUMBER IDENTIFIER |
| control field |
GE_BSU |
| 008 - FIXED-LENGTH DATA ELEMENTS--GENERAL INFORMATION |
| fixed length control field |
181216s||||||||xx |||||||||||||| ||und|| |
| 040 ## - CATALOGING SOURCE |
| Transcribing agency |
GE_BSU |
| 080 ## - UNIVERSAL DECIMAL CLASSIFICATION NUMBER |
| Universal Decimal Classification number |
821.161.1-32 + 329.150.1(092ლენინი):821 |
| 100 ## - MAIN ENTRY--PERSONAL NAME |
| Personal name |
კაზაკევიჩი, ე. |
| 245 ## - TITLE STATEMENT |
| Title |
ლურჯი რვეული. |
| 245 ## - TITLE STATEMENT |
| Remainder of title |
მოთხრობა. ვ.ი. ლენინზე ავტ. ბიოგრ. ცნობებით ; თარგმ. თ. აბაშიძისა და ნ. ურუშაძის |
| 260 ## - PUBLICATION, DISTRIBUTION, ETC. |
| Place of publication, distribution, etc. |
თბილისი |
| 260 ## - PUBLICATION, DISTRIBUTION, ETC. |
| Name of publisher, distributor, etc. |
ნაკადული |
| 260 ## - PUBLICATION, DISTRIBUTION, ETC. |
| Date of publication, distribution, etc. |
1982 |
| 300 ## - PHYSICAL DESCRIPTION |
| Extent |
134გვ. ; 17სმ. |
| 653 ## - INDEX TERM--UNCONTROLLED |
| Uncontrolled term |
ვ.ი. ლენინზე ავტ. ბიოგრ. ცნობებით ; თარგმ. თ. აბაშიძისა და ნ. ურუშაძის |
| 653 ## - INDEX TERM--UNCONTROLLED |
| Uncontrolled term |
ლურჯი რვეული |
| 653 ## - INDEX TERM--UNCONTROLLED |
| Uncontrolled term |
მოთხრობა |
| 942 ## - ADDED ENTRY ELEMENTS (KOHA) |
| Koha item type |
წიგნი |